000 00403nam a22001697a 4500
003 MPLRDC
005 20220104124827.0
008 210129b ||||| |||| 00| 0 eng d
082 _a857.9 LYS-3 v.3 c.3
100 _a梁羽生著
245 _a广陵剑. 三
_c
250 _a初版
260 _a
_b伟青书店
_c1989
300 _b
650 _a武侠小说
942 _cBK
_o857.9 LYS-3 v.3 c.3
999 _c22465
_d22455